000 00259nam a2200097Ia 4500
001 682948
005 20250826161428.0
008 250824s9999 xx 000 0 und d
245 0 _aDÜNYAYA HÜKMEDEN SULTAN KANUNİ
_cTALHA UĞURLUEL
260 _bTİMAŞ YAYINLARI
999 _c682948
_d682948